Te seguiré buscando /
Uloženo v:
| Hlavní autor: | |
|---|---|
| Další autoři: | , |
| Médium: | Kniha |
| Jazyk: | španělština |
| Vydáno: |
México :
Ediciones del Ermitaño,
2003, c2003
|
| Edice: | (Minimalia Erótica ;
5) |
| Témata: | |
| Tagy: |
Žádné tagy, Buďte první, kdo vytvoří štítek k tomuto záznamu!
|
MARC
| LEADER | 00000nam^a2200000^a^4500 | ||
|---|---|---|---|
| 001 | 000165751 | ||
| 005 | 20250521000000.0 | ||
| 009 | 20260310101028.834 | ||
| 020 | |a 968-5473-30-7 | ||
| 037 | |a Acervo ITESO - Biblioteca | ||
| 041 | |a ESP | ||
| 082 | |a 808. 8393538 |b MIN V. 5 | ||
| 100 | |a Estrada, Josefina |e (autor) | ||
| 245 | 1 | 0 | |a Te seguiré buscando / |c J. Estrada ; fotografía de A. Zenker ; modelo L. Rendón. |
| 264 | 4 | |a México : |b Ediciones del Ermitaño, |c 2003, c2003 | |
| 300 | |a 66 p. | ||
| 336 | |a texto |b txt |2 rdacontenido | ||
| 337 | |a sin mediación |b n |2 rdamedio | ||
| 338 | |a volumen |b nc |2 rdasoporte | ||
| 440 | 1 | |a (Minimalia Erótica ; |v 5) | |
| 545 | 0 | |a Josefina Estrada (Ciudad de México, 1957), con estudios en comunicación, se dedica por igual a la literatura y al periodismo. Becaria INBA-FONAFAS en 1980, obtuvo después el estímulo del Programa Artes y ganó el Primer Concurso de Crónica Urbana Salvador Novo, con Señas particulares, un ensayo sobre la violencia en la Ciudad de México. Algunos de sus títulos son: Malagato, Para morir iguales, Desde que Dios amanece, Virgen de medianoche y Joaquín Pardavé: el hombre del espectáculo, entre otros. | |
| 585 | |a Exposición DIA 2023-02/03 / Eros en busca de sentido | ||
| 649 | |a XX | ||
| 650 | |a Cuentos Mexicanos | ||
| 650 | |a Literatura Mexicana - |y Siglo XXI | ||
| 650 | |a Literatura Erótica - |z México | ||
| 650 | |a Literatura de Mujeres - |z México | ||
| 700 | |a Zenker, Alejandro |e (fotógrafo) | ||
| 700 | |a Rendón, Leda |e (modelo) | ||
| 910 | |a Fondo General | ||
| 920 | |a Impresos - Libros | ||
| 930 | |a Colección General | ||
| 940 | |a Literatura | ||
| 905 | |a 101 | ||
| 901 | |a 0500101081 |b IT1 |c LIT |u 20250521 | ||
| 902 | |a https://opac.biblio.iteso.mx/vufind/Record/000165751 | ||